[Event "Delkanda Inter Club-chT"]
[Site "Delkanda"]
[Date "2021.02.28"]
[Round "6.4"]
[White "Ranasinghe, Sachini D"]
[Black "Wijesinghe, NLC Dojitha"]
[Result "1/2-1/2"]
[WhiteElo "1723"]
[BlackElo "1680"]
[PlyCount "108"]
[EventDate "2021.02.26"]
[EventType "team-tourn"]
[EventRounds "9"]
[EventCountry "SRI"]
[SourceTitle "EXT 2022"]
[Source "ChessBase"]
[SourceDate "2021.10.06"]
[SourceVersion "1"]
[SourceVersionDate "2021.10.06"]
[SourceQuality "1"]
[WhiteTeam "Grand Prix CC"]
[BlackTeam "Blue and Gold CC"]
[WhiteTeamCountry "SRI"]
[BlackTeamCountry "SRI"]

1. Nf3 Nf6 2. g3 d6 3. Bg2 g6 4. 0-0 Bg7 5. d4 0-0 6. b3 Nbd7 7. Bb2 Re8 8. Nbd2 c5 9. c4 Qc7 10. Re1 e5 11. e3 Nb8 12. h3 Nc6 13. Nf1 Bd7 14. Rc1 e4 15. N3d2 Nb4 16. dxc5 dxc5 17. Bxf6 Bxf6 18. Nxe4 Bg7 19. a3 Bc6 20. axb4 Bxe4 21. Bxe4 Rxe4 22. bxc5 Qxc5 23. Qf3 Re7 24. Red1 Qa3 25. Rb1 Rc8 26. Qd5 Rec7 27. Nd2 Qe7 28. Qe4 Qd7 29. h4 Rd8 30. Qf3 Qe7 31. Ne4 Rcd7 32. Ng5 h6 33. Nh3 g5 34. hxg5 hxg5 35. Rxd7 Rxd7 36. Rd1 f6 37. Rxd7 Qxd7 38. Qd5+ Qxd5 39. cxd5 Kf7 40. Kf1 Ke7 41. Ke2 Kd6 42. e4 a5 43. f4 Bh6 44. fxg5 fxg5 45. Nf2 b5 46. Kd3 Bg7 47. Nd1 Be5 48. g4 Kc5 49. Nc3 Kb4 50. Nb1 Kxb3 51. Nd2+ Kb4 52. Nf3 Bf4 53. e5 Kc5 54. Ke4 a4 1/2-1/2

[Event "SRI-chB"]
[Site "Maharaga"]
[Date "2020.03.07"]
[Round "3.13"]
[White "Priyankara, Chamil Y"]
[Black "Wijesinghe, NLC Dojitha"]
[Result "1-0"]
[WhiteElo "1949"]
[BlackElo "1665"]
[PlyCount "93"]
[EventDate "2020.03.06"]
[EventType "swiss"]
[EventRounds "11"]
[EventCountry "SRI"]
[SourceTitle "CBM 195 Extra"]
[Source "ChessBase"]
[SourceDate "2020.05.31"]
[SourceVersion "1"]
[SourceVersionDate "2020.05.31"]
[SourceQuality "1"]

1. d4 Nf6 2. Bf4 g6 3. Nc3 d6 4. Qd2 Bg7 5. Bh6 Bxh6 6. Qxh6 e5 7. dxe5 dxe5 8. Nf3 Nc6 9. e3 Qe7 10. Bb5 Bd7 11. Bxc6 Bxc6 12. 0-0-0 Ng4 13. Qg7 Qf8 14. Qxf8+ Rxf8 15. Rd2 Rd8 16. h3 Rxd2 17. Nxd2 Nf6 18. f3 Nd5 19. Nd1 f6 20. c4 Ne7 21. e4 Bd7 22. Ne3 c5 23. Nb1 Nc6 24. Nc3 Nd4 25. Kd2 Bc6 26. Rb1 a5 27. a3 Nb3+ 28. Kc2 Nd4+ 29. Kd3 Nb3 30. Rf1 Ke7 31. Ncd5+ Kd6 32. f4 exf4 33. Rxf4 Bxd5 34. cxd5 b5 35. a4 Ke5 36. g3 c4+ 37. Kc3 Nc5 38. Ng4+ Kd6 39. Nxf6 Nd3 40. e5+ Nxe5 41. Ne4+ Ke7 42. Rxf8 Kxf8 43. axb5 Ke7 44. b6 Kd8 45. Nd2 Kd7 46. Nxc4 Nxc4 47. Kxc4 1-0

[Event "Wch U16"]
[Site "Porto Carras"]
[Date "2018.10.22"]
[Round "4"]
[White "Wijesinghe, NLC Dojitha"]
[Black "Chukavin, Kirill"]
[Result "1/2-1/2"]
[WhiteElo "1688"]
[BlackElo "2274"]
[PlyCount "138"]
[EventDate "2018.10.20"]
[EventType "swiss"]
[EventRounds "11"]
[EventCountry "GRE"]
[SourceTitle "CBM 187 Extra"]
[Source "ChessBase"]
[SourceDate "2018.11.04"]
[SourceVersion "1"]
[SourceVersionDate "2018.11.04"]
[SourceQuality "1"]

1. e4 c5 2. c3 d5 3. exd5 Qxd5 4. d4 Nf6 5. Be3 Ng4 6. Bf4 Nc6 7. h3 e5 8. Bg3 Nf6 9. dxe5 Qxd1+ 10. Kxd1 Ne4 11. Bb5 Bd7 12. Bxc6 Bxc6 13. Nf3 0-0-0+ 14. Ke1 Nxg3 15. fxg3 g6 16. Nbd2 b5 17. Kf2 c4 18. Rhe1 Bc5+ 19. Kf1 Rhe8 20. Ne4 Bxe4 21. Rxe4 Kd7 22. Ng5 Ke7 23. Rae1 h6 24. Nf3 Rd3 25. g4 g5 26. Nd4 Bxd4 27. Rxd4 Rd8 28. Rxd8 Rxd8 29. Ke2 Ke6 30. Rf1 Rd5 31. Rf6+ Kxe5 32. Rxf7 Ke4 33. Rxa7 Kf4 34. Rf7+ Kg3 35. Rf3+ Kxg2 36. Rf5 Rd6 37. Rxb5 Re6+ 38. Kd2 Kxh3 39. Rc5 Kxg4 40. Rxc4+ Kf3 41. Rc8 g4 42. Rf8+ Kg2 43. c4 g3 44. b4 Kh1 45. Rg8 g2 46. c5 h5 47. b5 Re5 48. a4 Rxc5 49. b6 Rc4 50. Rg5 h4 51. a5 Rb4 52. Kc3 Rb1 53. Rh5 Rc1+ 54. Kb3 Rb1+ 55. Kc3 Rc1+ 56. Kb3 Kh2 57. Rxh4+ Kg3 58. Rh8 Kf4 59. Rg8 g1Q 60. Rxg1 Rxg1 61. Kc4 Rb1 62. Kc5 Ke5 63. a6 Rc1+ 64. Kb5 Kd5 65. a7 Rb1+ 66. Ka6 Kc5 67. a8Q Ra1+ 68. Kb7 Rxa8 69. Kxa8 Kxb6 1/2-1/2